Projecte d'Estatut de la Universitat de Barcelona : ponència del comissariat nomenat pels honorables senyors President de la Generalitat de Catalunya i Ministre d'Instrucció Pública del govern de la República Espanyola ponència del comissariat nomenat pels honorables senyors President de la Generalitat de Catalunya i Ministre d'Instrucció Pública del govern de la República Espanyola
Descripción Física:
24 p. ; 22 cm
MARC
| LEADER | 00000nam a2200000Ia 4500 | ||
|---|---|---|---|
| 001 | 18472 | ||
| 008 | 160829s1931 xx 000 0 cat d | ||
| 080 | |a 4155, exp. 9 | ||
| 245 | |a Projecte d'Estatut de la Universitat de Barcelona : |b ponència del comissariat nomenat pels honorables senyors President de la Generalitat de Catalunya i Ministre d'Instrucció Pública del govern de la República Espanyola | ||
| 260 | |a Barcelona : |b Guinart i Pujolart, |c 1931 | ||
| 300 | |a 24 p. ; |c 22 cm | ||
| 650 | |a Universitat de Barcelona |x Estatuts |x Congressos |9 48259 | ||
| 710 | 2 | |a Universitat de Barcelona |9 51297 | |
| 901 | |a Arxiu | ||
| 942 | |n 1 | ||
| 952 | |0 0 |1 0 |4 0 |6 4155_EXP_9 |7 1 |9 54429 |a Arxiu |b Arxiu |d 2016-12-01 |l 0 |o 4155, exp. 9 |p 18472 |r 2016-12-01 00:00:00 |w 2016-12-01 |y ARXIU | ||
| 999 | |c 58298 |d 58298 | ||